Технические отчеты Центрального аэро-гидродинамического института им. проф. Н.Е. Жуковского. Вып. 1-2: Результаты испытаний 49 моделей капотов в трубе больших скоростей (Запись № 13622771)

Подробности
000 -МАРКЕР
контрольное поле 01276nam2a2200229 4500
001 - ИДЕНТИФИКАТОР ЗАПИСИ
контрольное поле rc\3039929
005 - ИДЕНТИФИКАТОР ВЕРСИИ
контрольное поле 20260315065522.0
035 ## - ДРУГИЕ СИСТЕМНЫЕ НОМЕРА
Идентификатор записи (NLR Aleph) 007180263
100 ## - ДАННЫЕ ОБЩЕЙ ОБРАБОТКИ
Данные общей обработки 20111009d1940 u y0rusy50 ca
101 0# - ЯЗЫК РЕСУРСА
Язык текста, звукозаписи и т.д. русский
102 ## - СТРАНА ПУБЛИКАЦИИ ИЛИ ПРОИЗВОДСТВА
Страна публикации Российская Федерация
105 ## - ПОЛЕ КОДИРОВАННЫХ ДАННЫХ: ТЕКСТОВЫЕ МАТЕРИАЛЫ, МОНОГРАФИЧЕСКИЕ
Кодированные данные о монографическом текстовом документе y z |||||
200 1# - ЗАГЛАВИЕ И СВЕДЕНИЯ ОБ ОТВЕТСТВЕННОСТИ
Основное заглавие Результаты испытаний 49 моделей капотов в трубе больших скоростей
210 ## - ПУБЛИКАЦИЯ, РАСПРОСТРАНЕНИЕ И ДР.
Дата издания, распространения и т.д. [1940]
461 #0 - УРОВЕНЬ НАБОРА
Встроенное поле 001rc\3039927
-- 2001#$aТехнические отчеты Центрального аэро-гидродинамического института им. проф. Н.Е. Жуковского$hСерия I$iАэродинамика$vВып. 1-2
Системный номер (АБИС) связанной записи 7434554
Автор Центральный аэрогидродинамический институт им. Н. Е. Жуковского (Москва)
Место публикации [Москва]
Дата публикации 1940-1941
Номер части Серия I
Заглавие части Аэродинамика
Имя издателя, распространителя и т.д. Б. и.
Заглавие Технические отчеты Центрального аэро-гидродинамического института им. проф. Н.Е. Жуковского
Номер тома Вып. 1-2
700 #1 - ИМЯ ЛИЦА - ПЕРВИЧНАЯ ОТВЕТСТВЕННОСТЬ
Начальный элемент ввода Кантер
Часть имени, кроме начального элемента ввода П.М.
801 #0 - ИСТОЧНИК ЗАПИСИ
Страна Российская Федерация
Организация NLR
Правила каталогизации psbo
801 #1 - ИСТОЧНИК ЗАПИСИ
Страна Российская Федерация
Организация ELAR
Источник данных rusmarc
852 ## - МЕСТОНАХОЖДЕНИЕ И ШИФР ХРАНЕНИЯ
Идентификатор организации NLR
Шифр хранения (Call Number) Т92 В-8/2
942 ## - ДОПОЛНИТЕЛЬНЫЕ ЭЛЕМЕНТЫ ЗАПИСИ (АБИС)
Тип экземпляра АБИС Неопределено
980 ## - КОЛЛЕКЦИЯ
Название коллекции Национальная библиография

Нет доступных экземпляров.